00554nam a2200193Ia 450000500170000000800410001702000180005804100120007608200130008810000180010124500980011925000120021726000330022930000230026265000150028565000280030065000140032870000180034220260429112112.0260429s9999||||xx |||||||||||||| ||und|| a9781119894452 aEnglish a543bHAM aHam, Bryan M. 0aAnalytical chemistry : ba toolkit for scientists and laboratory technicians / cBryan M. Ham a2nd ed. aNew Jersey : bWiley,c2024. axxviii, 658 p.; hb a Analytics a Laboratory technicians aChemistry a Maham, Aihui